000 00305nam a22001337a 4500
008 181218b xxu||||| |||| 00| 0 eng d
020 _a155798039-X
041 _aeng
080 _a159.9
100 _a48
101 _aPSI
245 _aTeaching A Psychology Of People
_cBronstein,P
942 _2udc
_cBK
999 _c53357
_d53357